| 000 | 00779nam a22002177a 4500 | ||
|---|---|---|---|
| 003 | 0 | ||
| 005 | 20251023091655.0 | ||
| 008 | 251023b xxu||||| |||| 00| 0 eng d | ||
| 020 | _a978-0-2416-8036-0 | ||
| 050 |
_aPE 1128 _b.E54 2024 |
||
| 100 |
_aDK (Firm) _eauthor. |
||
| 245 |
_aEnglish for everyone : _bcourse book : level 2 beginner / _cDK. |
||
| 260 |
_aLondon : _bDorling Kindersley Limited, _c2024. |
||
| 300 |
_a200 pages : _bcolor illustrations ; _c24 cm. |
||
| 490 | _aEnglish for everyone. | ||
| 500 | _aIncludes practice exercises, answer key, and visual vocabulary sections. | ||
| 504 | _aIncludes bibliographical references | ||
| 650 |
_aEnglish language _xTextbooks for foreign speakers. |
||
| 650 |
_aEnglish language _xStudy and teaching. |
||
| 942 |
_2lcc _cBK |
||
| 999 |
_c368336 _d368336 |
||